Zákazníci chcú prehľadné obchody

Zmeny v požiadavkách zákazníkov na vybavenosť predajne. Nové trendy v rozmiestňovaní produktov a úsekov v predajni. Otázka vhodného výberu materiálov a typu regálov. Konkrétny príklad spoločnosti Plzeňský Prazdroj.

Gespeichert in:
Bibliographische Detailangaben
1. Verfasser: Raševová, Kristína
Format: Buchkapitel
Sprache:Slowakisch
Schlagworte:
Tags: Tag hinzufügen
Keine Tags, Fügen Sie das erste Tag hinzu!

MARC

LEADER 00000naa a2200000 4500
001 0262195
005 20200306132321.8
041 0 |a slo 
044 |a CZ 
245 1 0 |a Zákazníci chcú prehľadné obchody  |c Kristína Raševová 
520 |a Zmeny v požiadavkách zákazníkov na vybavenosť predajne. Nové trendy v rozmiestňovaní produktov a úsekov v predajni. Otázka vhodného výberu materiálov a typu regálov. Konkrétny príklad spoločnosti Plzeňský Prazdroj. 
610 2 0 |a vybavenosť pracoviska 
610 2 0 |a spokojnosť zákazníkov 
610 2 0 |a predajne 
610 2 0 |a dizajn 
100 1 |a Raševová, Kristína